GMMTV Mascots - Statistics

General Stats
  • This quiz has been taken 97 times
  • The average score is 23 of 31
Answer Stats
Answer % Correct
Polcasan
91%
Any
89%
Tomafox
88%
Babii
86%
PermPoon
86%
Jummo
85%
Lunar
85%
Muvmuv
85%
Jaidee
83%
Samruay
83%
Wesly
83%
Avocean
82%
Ceri
82%
Domiia
80%
Look Khunnoo
77%
Guinzly
75%
Neona
75%
Lykyou
74%
Mr. Saturnworld
72%
Paody
72%
Yuzu Mumu
72%
Smyle
69%
King Man
68%
Metaa
68%
Nong Nooong
68%
Angelo
62%
Momo
62%
NilkNhake
60%
Oh-Yeah
51%
Sol Cute
46%
Komé
35%
No matching quizzes found
Score Distribution
Percent of People with Each Score
Percentile by Number Answered
Your Score History
You have not taken this quiz